| 000 | 00810nam a2200241 a 4500 | ||
|---|---|---|---|
| 999 |
_c5605 _d5605 |
||
| 001 | 5605 | ||
| 003 | BD-JhCC | ||
| 005 | 20171221090550.0 | ||
| 008 | 171218s2000 bg |||| ||a| 000 0 ben d | ||
| 020 | _a9840740172 | ||
| 035 | _a(BD-JhCC) 5605 | ||
| 040 |
_aBD-JhCC _dBD-JhCC |
||
| 041 | _aben | ||
| 082 |
_a519.5 _bBHU 2000 |
||
| 100 | _aভূঞাঁ, কেশব চন্দ্র | ||
| 245 |
_aগাণিতিক পরিসংখ্যান / _cকেশব চন্দ্র ভূঞাঁ, স্বপন কুমার ধর |
||
| 260 |
_aঢাকা : _bবাংলা একাডেমী ঢাকা , _c2000. |
||
| 300 |
_a448 p .: _c23 cm . |
||
| 650 | _aMathematical Statistics | ||
| 700 | _aধর, স্বপন কুমার | ||
| 942 |
_2ddc _cBK |
||